Escritos menores, 1951-1990 /
| Main Author: | |
|---|---|
| Other Authors: | , |
| Format: | Electronic eBook |
| Language: | Spanish French Italian |
| Published: |
Pamplona, España :
EUNSA, Ediciones Universidad de Navarra,
[2017]
|
| Series: | Obras completas de Leonardo Polo. Serie A ;
v. 9. |
| Subjects: | |
| Online Access: | Digitalia Hispánica |
MARC
| LEADER | 00000nam a2200000Ii 4500 | ||
|---|---|---|---|
| 001 | DIGEDUNAV0426 | ||
| 003 | NyNyDIG | ||
| 006 | m o d | ||
| 007 | cr ||||||||||| | ||
| 008 | 220609s2017 sp o 000 0 spa d | ||
| 035 | |a (OCoLC)1019667260 | ||
| 040 | |a DGITA |b eng |e rda |e pn |c DGITA | ||
| 020 | |z 9788431331467 | ||
| 041 | 0 | |a spa |a fre |a ita | |
| 050 | 1 | 4 | |a B4568.P654 ebook |
| 100 | 1 | |a Polo, Leonardo, |e author. | |
| 245 | 1 | 0 | |a Escritos menores, 1951-1990 / |c Leonardo Polo ; edición y presentación de Juan A. García González y Rafael Reyna Fortes. |
| 264 | 1 | |a Pamplona, España : |b EUNSA, Ediciones Universidad de Navarra, |c [2017] | |
| 300 | |a 1 online resource. | ||
| 336 | |a text |b txt |2 rdacontent | ||
| 337 | |a computer |b c |2 rdamedia | ||
| 338 | |a online resource |b cr |2 rdacarrier | ||
| 347 | |a text file |2 rdaft | ||
| 347 | |b PDF | ||
| 490 | 1 | |a Obras completas de Leonardo Polo. Serie A ; |v volumen IX | |
| 546 | |a Text in Spanish, French and Italian. | ||
| 588 | 0 | |a Online resource; title from PDF title page (Digitalia, viewed June 9, 2022) | |
| 600 | 1 | 0 | |a Polo, Leonardo. |
| 650 | 0 | |a Philosophy, Modern. | |
| 655 | 0 | |a Electronic books. | |
| 700 | 1 | |a García González, Juan A., |e editor, |e contributor agent of text. | |
| 700 | 1 | |a Reyna Fortes, Rafael, |e editor, |e contributor agent of text. | |
| 791 | 2 | |a Digitalia (Firm), |e distributor. | |
| 793 | 0 | |g Digitalia eBook Collection: |a Ediciones Universidad de Navarra | |
| 776 | 0 | 8 | |i Print version: |a Polo, Leonardo. |t Escritos menores, 1951-1990. |b Primera edición. |d Pamplona, España : EUNSA, Ediciones Universidad de Navarra, [2017] |z 9788431331467 |
| 830 | 0 | |a Obras completas de Leonardo Polo. |p Serie A ; |v v. 9. | |
| 856 | 4 | 0 | |3 Digitalia Hispánica |u https://www.digitaliapublishing.com/a/51717/ |
| 910 | |a Premium collection: 2022 | ||


